|
|
|
|
| LEADER |
00000cam a22000004a 4500 |
| 001 |
musev2_58412 |
| 003 |
MdBmJHUP |
| 005 |
20230905050014.0 |
| 006 |
m o d |
| 007 |
cr||||||||nn|n |
| 008 |
171106s2018 nyu o 00 0 eng d |
| 010 |
|
|
|z 2017053547
|
| 020 |
|
|
|a 9781501718076
|
| 020 |
|
|
|z 9781501718052
|
| 020 |
|
|
|z 9781501718069
|
| 020 |
|
|
|z 9781501752070
|
| 035 |
|
|
|a (OCoLC)1010620024
|
| 040 |
|
|
|a MdBmJHUP
|c MdBmJHUP
|
| 100 |
1 |
|
|a Schuyler, David,
|e author.
|
| 245 |
1 |
0 |
|a Embattled River :
|b The Hudson and Modern American Environmentalism /
|c David Schuyler.
|
| 264 |
|
1 |
|a Ithaca :
|b Cornell University Press,
|c 2018.
|
| 264 |
|
3 |
|a Baltimore, Md. :
|b Project MUSE,
|c 2018
|
| 264 |
|
4 |
|c ©2018.
|
| 300 |
|
|
|a 1 online resource (282 pages).
|
| 336 |
|
|
|a text
|b txt
|2 rdacontent
|
| 337 |
|
|
|a computer
|b c
|2 rdamedia
|
| 338 |
|
|
|a online resource
|b cr
|2 rdacarrier
|
| 505 |
0 |
|
|a The battle over Storm King -- Politics and the river -- Pete Seeger and Clearwater -- The Fishermen and the Riverkeeper -- The continuing battle against power plants -- Scenic Hudson's expanding mission after Storm King -- Linking landscapes and promoting history -- A poisoned river -- A river still worth fighting for.
|
| 520 |
|
|
|a "Analyzes the ways in which the Hudson River has become a key battleground in the emergence of modern environmentalism in the United States since Consolidated Edison announced plans to construct a pumped storage power plant at Storm King Mountain in 1962"--Provided by publisher.
|
| 588 |
|
|
|a Description based on print version record.
|
| 650 |
|
7 |
|a Environmentalism.
|2 fast
|0 (OCoLC)fst00913543
|
| 650 |
|
7 |
|a Environmental protection.
|2 fast
|0 (OCoLC)fst00913324
|
| 650 |
|
7 |
|a Ecology.
|2 fast
|0 (OCoLC)fst00901476
|
| 650 |
|
7 |
|a NATURE
|x Environmental Conservation & Protection.
|2 bisacsh
|
| 650 |
|
6 |
|a Environnement
|x Protection
|z Hudson, Vallee de l' (N.Y. et N.J.)
|
| 650 |
|
6 |
|a Environnementalisme
|z Hudson, Vallee de l' (N.Y. et N.J.)
|x Histoire.
|
| 650 |
|
0 |
|a Environmental protection
|z Hudson River Valley (N.Y. and N.J.)
|
| 650 |
|
0 |
|a Environmentalism
|z Hudson River Valley (N.Y. and N.J.)
|x History.
|
| 651 |
|
7 |
|a United States
|z Hudson River Valley.
|2 fast
|0 (OCoLC)fst01311280
|
| 651 |
|
6 |
|a Hudson, Vallee de l' (N.Y. et N.J.)
|x Conditions environnementales.
|
| 651 |
|
0 |
|a Hudson River Valley (N.Y. and N.J.)
|x Environmental conditions.
|
| 655 |
|
7 |
|a History.
|2 fast
|0 (OCoLC)fst01411628
|
| 655 |
|
7 |
|a Electronic books.
|2 local
|
| 710 |
2 |
|
|a Project Muse.
|e distributor
|
| 830 |
|
0 |
|a Book collections on Project MUSE.
|
| 856 |
4 |
0 |
|z Texto completo
|u https://projectmuse.uam.elogim.com/book/58412/
|
| 945 |
|
|
|a Project MUSE - Custom Collection
|
| 945 |
|
|
|a Project MUSE - 2018 Complete
|
| 945 |
|
|
|a Project MUSE - 2018 US Regional Studies, New England and Mid Atlantic
|